000 00503nam a2200181Ia 4500
001 14758
003 GE_BSU
008 181216s||||||||xx |||||||||||||| ||und||
040 _cGE_BSU
245 _aГосударство и право. №2. 2015. Февраль
245 _cГл.ред.А.С.Автономов
260 _aМосква
260 _c2015
300 _a125стр.28см.
653 _aГосударство и право.
653 _aპერიოდიკა
942 _cCR
999 _c47881
_d47881